000 00607cam a2200133 4500500
005 20260329023209.0
041 _afre
042 _adc
100 1 0 _aKazancigil, Ali
_eauthor
245 0 0 _aLa Gouvernance : Pour ou contre le politique ?
260 _bArmand Colin,
_c2010.
520 _aDe quoi la gouvernance est-elle le nom ? La gouvernance et l’État La gouvernance et la démocratie La gouvernance régionale La gouvernance globale Triomphe de la gouvernance ou retour du politique ?
856 4 1 _uhttps://shs.cairn.info/la-gouvernance--9782200346522?lang=fr&redirect-ssocas=7080
999 _c1925415
_d1925415